|
|
|
|
| LEADER |
00000nam0a2200000 4500 |
| 001 |
109185 |
| 005 |
20231031115933.0 |
| 010 |
|
|
|a 5876231355
|
| 010 |
|
|
|a 5-8216-0063-4
|
| 035 |
|
|
|a (RuTPU)RU\TPU\book\117854
|
| 090 |
|
|
|a 109185
|
| 100 |
|
|
|a 20070201d2005 m y0rusy50 ca
|
| 101 |
0 |
|
|a rus
|
| 102 |
|
|
|a RU
|
| 105 |
|
|
|a a j 011zy
|
| 200 |
1 |
|
|a Модели и методы системного анализа: принятие решений и оптимизация
|e учебное пособие
|f А. С. Рыков
|g Московский государственный институт стали и сплавов
|
| 210 |
|
|
|a Москва
|c Изд-во МИСиС
|c Руда и металлы
|d 2005
|
| 215 |
|
|
|a 352 с.
|c ил.
|
| 225 |
1 |
|
|a Металлургия и материаловедение XXI века
|
| 300 |
|
|
|a К 75-летию МИСиС.
|
| 320 |
|
|
|a Библиогр.: с. 342-348.
|
| 330 |
|
|
|a Книга написана на основе исследований и лекций, читавшихся автором в течение ряда лет на факультете информатики и экономики Московского государственного института стали и сплавов и в ряде зарубежных университетов. Рассмотрены модели и методы принятия решений при определенности, риске и нечеткости, методы коллективного и индивидуального принятия решений, многокритериальной и нечеткой оптимизации. Представлен широкий диапазон проблем: от получения и обработки экспертной информации, постановок многокритериальных задач принятия решений и оптимизации до методов получения решения. Подробно изложены диалоговые методы для решения широкого круга многокритериальных задач, включая методы прямого поиска. Книга охватывает основные разделы учебного вузовского курса, аспирантских и кандидатских программ по системному анализу и теории принятия решений по специальностям «Системный анализ, управление и обработка информации» (05.13.01), «Управление в социальных и экономических системах» (05.13.10) и «Автоматизация и управление технологическими процессами и производствами» (05.13.06). Книга рассчитана на студентов и аспирантов металлургических и других вузов, обучающихся по специальностям «Прикладная математика», «Прикладная информатика», «Автоматизированные системы обработки информации и управления», «Информационные системы», «Инженерная защита окружающей среды в металлургии», «Безопасность жизнедеятельности». Она будет полезна также научным работникам и инженерам.
|
| 610 |
1 |
|
|a системный анализ
|
| 610 |
1 |
|
|a понятия
|
| 610 |
1 |
|
|a задачи
|
| 610 |
1 |
|
|a экспертные оценки
|
| 610 |
1 |
|
|a методы
|
| 610 |
1 |
|
|a применение
|
| 610 |
1 |
|
|a принятие решений
|
| 610 |
1 |
|
|a детерминированные модели
|
| 610 |
1 |
|
|a статистические модели
|
| 610 |
1 |
|
|a условия неопределенности
|
| 610 |
1 |
|
|a коллективные решения
|
| 610 |
1 |
|
|a алгоритмы
|
| 610 |
1 |
|
|a нечеткая оптимизация
|
| 610 |
1 |
|
|a нечеткие состояния среды
|
| 610 |
1 |
|
|a теория
|
| 610 |
1 |
|
|a вопросы
|
| 610 |
1 |
|
|a задачи
|
| 610 |
1 |
|
|a учебные пособия
|
| 675 |
|
|
|a 681.51.012(075.8)
|v 3
|
| 700 |
|
1 |
|a Рыков
|b А. С.
|g Александр Семенович
|
| 712 |
0 |
2 |
|a Московский государственный институт стали и сплавов
|2 stltpush
|3 (RuTPU)RU\TPU\col\180
|
| 801 |
|
1 |
|a RU
|b 63413507
|c 20070201
|g PSBO
|
| 801 |
|
2 |
|a RU
|b 63413507
|c 20151014
|g PSBO
|
| 900 |
|
|
|a Системный анализ
|
| 942 |
|
|
|c BK
|
| 951 |
|
|
|a 550500
|b 150100
|
| 959 |
|
|
|a 10/20070129
|d 1
|e 575,00
|f ЧЗТЛ:1
|